Statistics an introduction
Enregistré dans:
| Auteur principal: | |
|---|---|
| Format: | Livre |
| Langue: | anglais |
| Publié: |
Nueva York
John Wiley
1958
|
| Édition: | 2a. ed |
| Collection: | Wiley Publication in Mathematical Statistics
|
| Sujets: | |
| Tags: |
Ajouter un tag
Pas de tags, Soyez le premier à ajouter un tag!
|
MARC
| LEADER | 00000nam a2200000 a 4500 | ||
|---|---|---|---|
| 001 | UCT7566 | ||
| 003 | CL-VaPUC | ||
| 008 | 970123e19580000US |||||||||||||||||eng|d | ||
| 082 | 0 | 4 | |a 519.2 |b FRA |2 21 |
| 100 | 0 | |a Fraser, D. A. S |e author |9 378571 | |
| 245 | 1 | 0 | |a Statistics an introduction |
| 250 | |a 2a. ed | ||
| 300 | |a 398 p | ||
| 942 | |c BK | ||
| 945 | |d 19970123 00:00:00 |a nastorga | ||
| 260 | |a Nueva York |b John Wiley |c 1958 | ||
| 650 | 0 | |a Análisis estadístico |9 269506 | |
| 650 | 0 | |a Métodos estadísticos |9 259407 | |
| 650 | 0 | |a Datos estadísticos |9 329380 | |
| 650 | 0 | |a Estimación |9 373802 | |
| 650 | 7 | |a HIPOTESIS |2 CL-VaPUC |9 378572 | |
| 583 | |a last modification |c 19970123 00:00:00 |k Rodrigo Vera | ||
| 490 | 0 | |a Wiley Publication in Mathematical Statistics | |
| 999 | |c 256148 |d 256146 | ||
| 952 | |0 0 |1 0 |4 0 |6 519_200000000000000_FRA_1958 |7 0 |8 P |9 278721 |a BIBGIM |b BIBGIM |d 2019-11-19 |i 3278573 |o 519.2 FRA 1958 |p 3278573 |r 2025-01-15 |w 2019-11-19 |y BK |k COM | ||